000 00291nam a2200121 4500
082 _a338.954PAI
100 _aPAI R.M.
245 _aA DECADE OF PLANNING IN INDIA
260 _aBOMBAY POPULAR PRAKASHAN
_bRAO NARAYAN
_c1969
300 _aV,244P
_bILL,;25CM
500 _aIdeology
942 _cBK
999 _c13861
_d13861